000 00350nam a2200133Ia 4500
008 230917s9999||||xx |||||||||||||| ||und||
040 _e198276
_aMAIN
041 _aEnglish
082 _a372.24 C393P
100 _aChaudharu, Kaushalya
245 0 _aPaanchvi kaksha par purva-prathmik va prathmik shiksha ka prabhav
300 _a73 p.
942 _cTH
999 _c49180
_d49180